| 000 | 01102nam a2200241Ia 4500 | ||
|---|---|---|---|
| 003 | GCL | ||
| 008 | 140319s9999 xx 000 0 ara d | ||
| 020 | _a8 410 85516 1 | ||
| 040 |
_aGCL / _cGCL |
||
| 082 | 0 | 4 |
_a953.095312 _bا ن |
| 100 | 1 | _aسنان معروف اغلو | |
| 245 | 1 | 0 |
_aنجد والحجاز فى الوثائق العثمانية : _bالاحوال السياسية والاجتماعية فى نجد والحجاز خلال العهد العثمانى / _cسنان معروف اغلو |
| 250 | _aالاولى | ||
| 260 |
_aبيروت : _bدار الساقى ، _c2002 |
||
| 300 |
_a200 ص ؛ _c24 سم |
||
| 650 | 0 | 4 | _aالامبراطورية العثمانية |
| 650 | 0 | 4 | _aالامبراطورية العثمانية - تاريخ |
| 650 | 0 | 4 | _aنجد - الاحوال السياسية - العصر العثمانى |
| 650 | 0 | 4 | _aالحجاز - الاحوال السياسية - العصر العثمانى |
| 650 | 0 | 4 | _aالحجاز - الاحوال الاجتماعية - العصر العثمانى |
| 650 | 0 | 4 | _aالوثائق التاريخية |
| 942 |
_2ddc _cBK |
||
| 999 |
_c9962 _d9962 |
||